000 02264nam a2200397 a 4500
003 CHAP
005 20240520133749.0
007 ta
008 220810s2020 mx eodbfr|||| 001 0 spa d
040 _amxchpua
090 _aT.C.851
_bV45 EIUPA
_c2020
245 1 0 _aTrapiche El Panelero, San José de Pare, Boyacá, Colombia /
_ccoordinadora Alejandra Velázquez Castillo ; colaboradores Karen Antonio Fernández...[et al.]
260 _aChapingo, México :
_bEl autor,
_c2020
300 _a201 hojas :
_bmapas, gráficas, planos
336 _2rdacontent
_atexto
_btxt
337 _2rdamedia
_ano mediado
_bn
338 _2rdacarrier
_avolume
_bnc
500 _aGrado 7°
502 _aViaje de Estudios
_b(EIUPA) --
_cUACh. Departamento de Ingeniería Agroindustrial,
_d2020
504 _aBibliografía: h. 83-86
505 0 _a5 planos -- 1. Plano de áreas (Esc. 1:100) -- 2. Plano de propuesta de áreas (Esc. 1:100) -- 3. Plano de Distribución de equipo (Esc. 1:100) -- 4. Plano de Diagrama de recorrido (Esc. 1:100) -- 5. Plano de Diagrama de flujo
650 1 3 _aPanela
_zColombia
650 1 3 _aIndustria azucarera
_zColombia
_zBoyacá
650 1 3 _aProductos de azúcar
_xOrganización industrial y estructura de mercado
_zColombia
650 1 3 _aJaggery
_zColombia
650 1 3 _aSugar industry
_zColombia
_zBoyacá
650 1 3 _aSugar products
_xIndustrial organization and market structure
_zColombia
700 1 _aVelázquez Castillo, Alejandra
_ecoordinadora
700 1 _9185400
_aAntonio Fernández, Karen
_ecolaboradora
856 4 1 _uhttp://10.13.5.2/ve/T_C_851_EIUPA/T_C_851_EIUPA_2020-PLANO-PROPUESTA_DE_AREAS_pdf
_yDESCARGAR PLANO DE PROPUESTA DE ÁREA
856 4 1 _uhttp://10.13.5.2/ve/T_C_851_EIUPA/T_C_851_EIUPA_2020-PLANO-EQUIPOS_pdf
_yDESCARGAR PLANO EQUIPOS
856 4 1 _uhttp://10.13.5.2/ve/T_C_851_EIUPA/T_C_851_EIUPA_2020-PLANO-DIAGRMA_DE_RECORRIDO_pdf
_yDESCARGAR PLANO DIAGRAMA DE RECORRIDO
856 4 1 _uhttp://10.13.5.2/ve/T_C_851_EIUPA/T_C_851_EIUPA_2020-PLANO-DIAGRAMA_DE_FLUJO_pdf
_yDESCARGAR DIAGRAMA DE FLUJO
856 4 1 _uhttp://10.13.5.2/ve/T_C_851_EIUPA/TC_851_EIUPA_2020-PLANO-AREAS_pdf
_yDESCARGAR PLANO DE ÁREAS
856 4 1 _uhttp://10.13.5.2/ve/T_C_851_EIUPA/T_C_851_EIUPA_2020-REPORTE_pdf
_yDESCARGAR REPORTE
999 _c217593
_d217593